| 000 -LEADER |
| fixed length control field |
01930nam a22001577a 4500 |
| 008 - FIXED-LENGTH DATA ELEMENTS--GENERAL INFORMATION |
| fixed length control field |
220127b ||||| |||| 00| 0 eng d |
| 100 ## - MAIN ENTRY--PERSONAL NAME |
| Personal name |
Perusso, A. et al |
| 245 ## - TITLE STATEMENT |
| Title |
The effectiveness and impact of action learning on business graduates’ professional practice |
| 260 ## - PUBLICATION, DISTRIBUTION, ETC. (IMPRINT) |
| Place of publication, distribution, etc |
Journal of Management Education |
| 300 ## - PHYSICAL DESCRIPTION |
| Extent |
45(2), Apr, 2021: p.117-205 |
| 520 ## - SUMMARY, ETC. |
| Summary, etc |
The organizational world has long recognized action learning (AL) as an invaluable tool for managerial development. However, AL’s popularity among organizations did not translate into its adoption by business schools. A lack of evidence on what competencies AL fosters in students and whether these competencies transfer to practice has limited its wider acceptance. We address this issue by examining the learning outcomes of an undergraduate business program that has been using AL as a central didactical feature for the past 10 years. Based on a qualitative cross-sectional study following five alumni cohorts, results show that AL fosters the development of knowledge (theoretical and practical), skills (communication and collaboration), and attitudes (self-knowledge and self-efficacy); competencies graduates transferred to practice years after completing the program. Although management education has been continually criticized for its inability to provide undergraduates with the competencies necessary for practice, our study shows that AL contributes to narrowing this relevance gap. It also expands our understanding of the effectiveness and impact of AL beyond executive training to include undergraduate education, thus informing and inviting educators to consider AL as an alternative to expand their teaching practices. – Reproduced |
| 650 ## - SUBJECT ADDED ENTRY--TOPICAL TERM |
| Topical term or geographic name as entry element |
Action learning, Experiential learning, Management education, Business school |
| 9 (RLIN) |
29321 |
| 773 ## - HOST ITEM ENTRY |
| Main entry heading |
Journal of Management Education |
| 906 ## - LOCAL DATA ELEMENT F, LDF (RLIN) |
| Subject DIP |
ACTION LEARNING |
| 942 ## - ADDED ENTRY ELEMENTS (KOHA) |
| Item type |
Articles |